000
00308pab a2200109 454500
008
180718b xxu||||| |||| 00| 0 eng d
100
_a
Guhan, S
245
_a
Adjustment in the 1991-92 budget-hard-headed or soft-headed?
650
_a
Budget - IndiaRevenue
773
_a
Economic and Political Weekly
909
_a
1580
999
_c
1580
_d
1580